Corazon C. Aquino (Record no. 17652)
[ view plain ]
| 000 -LEADER | |
|---|---|
| fixed length control field | 01321cam a2200385 a 4500 |
| 001 - CONTROL NUMBER | |
| control field | 2538836 |
| 003 - CONTROL NUMBER IDENTIFIER | |
| control field | OSt |
| 005 - DATE AND TIME OF LATEST TRANSACTION | |
| control field | 20140310182937.0 |
| 008 - FIXED-LENGTH DATA ELEMENTS--GENERAL INFORMATION | |
| fixed length control field | 940616s1993 ph a b f001 0 eng |
| 010 ## - LIBRARY OF CONGRESS CONTROL NUMBER | |
| LC control number | 93940671 |
| 020 ## - INTERNATIONAL STANDARD BOOK NUMBER | |
| International Standard Book Number | 9715420281 |
| 040 ## - CATALOGING SOURCE | |
| Original cataloging agency | DLC |
| Transcribing agency | DLC |
| Modifying agency | DLC |
| 042 ## - AUTHENTICATION CODE | |
| Authentication code | lcode |
| 043 ## - GEOGRAPHIC AREA CODE | |
| Geographic area code | a-ph--- |
| 050 00 - LIBRARY OF CONGRESS CALL NUMBER | |
| Classification number | DS 686.614 |
| Item number | .Ab165 1993 |
| 082 ## - DEWEY DECIMAL CLASSIFICATION NUMBER | |
| -- | FIL 959.9057 |
| Item number | Ab1565 1993 |
| 245 00 - TITLE STATEMENT | |
| Title | Corazon C. Aquino |
| Remainder of title | early assessments of her presidential leadership and administration and her place in history / |
| Statement of responsibility, etc | ed. Abueva, Jose V.; Roman, Emerlinda R. |
| 250 ## - EDITION STATEMENT | |
| Edition statement | International ed. |
| 260 ## - PUBLICATION, DISTRIBUTION, ETC. (IMPRINT) | |
| Place of publication, distribution, etc | [Quezon City] |
| Name of publisher, distributor, etc | University of the Philippines Press |
| Date of publication, distribution, etc | c1993 |
| 300 ## - PHYSICAL DESCRIPTION | |
| Extent | 316 p. |
| Other physical details | ill. |
| Dimensions | 25 cm. |
| 504 ## - BIBLIOGRAPHY, ETC. NOTE | |
| Bibliography, etc | Includes bibliographical references (p. 281-282) and index. |
| 521 ## - TARGET AUDIENCE NOTE | |
| Target audience note | |
| 526 ## - STUDY PROGRAM INFORMATION NOTE | |
| Reading level | 1210L to 1700L |
| 541 ## - IMMEDIATE SOURCE OF ACQUISITION NOTE | |
| -- | 1 |
| 562 ## - COPY AND VERSION IDENTIFICATION NOTE | |
| Number of copies | 1 |
| 600 10 - SUBJECT ADDED ENTRY--PERSONAL NAME | |
| Personal name | Aquino, Corazon Cojuangco. |
| 650 #0 - SUBJECT ADDED ENTRY--TOPICAL TERM | |
| Topical term or geographic name as entry element | Presidents |
| Geographic subdivision | Philippines. |
| 651 #0 - SUBJECT ADDED ENTRY--GEOGRAPHIC NAME | |
| Geographic name | Philippines |
| General subdivision | Politics and government |
| Chronological subdivision | 1986- |
| 700 1# - ADDED ENTRY--PERSONAL NAME | |
| Personal name | Abueva, Jose Veloso, |
| Dates associated with a name | 1928- |
| 700 1# - ADDED ENTRY--PERSONAL NAME | |
| Personal name | Roman, Emerlinda R. |
| 710 1# - ADDED ENTRY--CORPORATE NAME | |
| Corporate name or jurisdiction name as entry element | Philippines. |
| Subordinate unit | President (1986-1992 : Aquino) |
| 906 ## - LOCAL DATA ELEMENT F, LDF (RLIN) | |
| a | 7 |
| b | cbc |
| c | origode |
| d | 3 |
| e | ncip |
| f | 19 |
| g | y-gencatlg |
| 942 ## - ADDED ENTRY ELEMENTS (KOHA) | |
| Source of classification or shelving scheme | Library of Congress Classification |
| Koha item type | Books |
| Call number prefix | Filipininana |
| Withdrawn status | Lost status | Source of classification or shelving scheme | Damaged status | Home library | Current library | Shelving location | Date acquired | Total Checkouts | Full call number | Barcode | Date last seen | Copy number | Price effective from | Koha item type |
|---|---|---|---|---|---|---|---|---|---|---|---|---|---|---|
| Library of Congress Classification | College Library | College Library | Filipiniana Section | 02/01/2013 | DS 686.614 .Ab165 1993 | c14872 | 05/08/2018 | 1 | 02/01/2013 | Books |